000 00616nam a22002297a 4500
999 _c386052
_d386052
001 99816
003 UA-OsUOA
005 20200212150224.0
007 ta
008 20130517b un ||||| |||| 00| 0 ukr d
040 _aUA-OsUOA
_brus
_cUA-OsUOA
_dUA-OsUOA
041 _arus
080 _a821.161.1
090 _a821.161.1
_bТ530
100 _aТолстой Л.
245 _aИзбранные повести и рассказы
_nт. 2
260 _aМ.
_bОГИЗ
_c1946
300 _a501 с.
650 7 _a82 Література. Літературознавство
_2UDC
942 _cBK
_2udc
955 _a3